Statistics for Top 10 Countries that Produce the Most Rice

Click here to take the quiz!

General Stats

  • This quiz has been taken 962 times
  • The average score is 8 of 10

Answer Stats

# TonnesCountry% Correct
208 milChina
100%
157 milIndia
96%
70 milIndonesia
89%
10 milJapan
89%
44 milVietnam
89%
32 milThailand
88%
52 milBangladesh
72%
18 milPhilippines
72%
26 milMyanmar
69%
12 milBrazil
59%

Score Distribution

Percentile by Number Answered

Percent of People with Each Score

Your Score History

You have not taken this quiz